01326nam a2200301 a 4500001001300000003000900013005001700022008004100039020002300080082001300103100001800116245003300134260003900167300000900206500003500215505001000250505012500260650002300385700001800408902000800426942000700434952010900441952012100550952010900671952012100780952010800901999001501009nice12345678IN_TiNIC20260116012306.0050524s1987 dela grp 000 0 eng  a812088X c10000a109bPLO aPlott, John C aGlobal History of Philosophy aDelhi bMotilal Banarsidass c1987 a240p aincludes index and biblioraphy2 aIndex2 aIndex00gV1.tAxial Age.--gV2.tHan-Hellenistic-bactrian Period.--gV3.tPatristic-Sutra Priod.--gV4.tPeriod of Schol aPhilosophy-History1 aPlott, John C bSRS cBK 001040708REFaHMIbHMIcREFd2016-08-31g100.00l0o109 PLOp13612 VOL-1r0000-00-00w2026-01-16yBK 001040708REFaHMIbHMIcREFd2016-08-31g150.00l1o109 PLOp13613 VOL-2r2016-08-30s2016-07-15w2026-01-16yBK 001040708REFaHMIbHMIcREFd2016-08-31g160.00l0o109 PLOp13614 VOL-3r0000-00-00w2026-01-16yBK 001040708REFaHMIbHMIcREFd2016-08-31g150.00l1o109 PLOp13615 VOL-4r2016-08-30s2016-07-15w2026-01-16yBK 001040708REFaHMIbHMIcREFd2016-09-02g200.00l0o109 PLOp13616 VOL-5r2016-09-02w2026-01-16yBK c6425d6425